Peoples in the Black Sea Region from the archaic to the Roman period : proceedings of the 3rd International Workshop on the Black Sea in Antiquity held in Thessaloniki, 21-23 September 2018 /
Contributions to this volume, covering all shores of the Black Sea, draw on a mix of archaeological evidence, epigraphy and written sources to explore the activities and characteristics of those that inhabited or colonised the Black Sea area, as well as those that visited, acted in, or influenced th...
مؤلف مشترك:
مؤلفون آخرون:
التنسيق: وقائع المؤتمر كتاب الكتروني
اللغة: English
منشور في:
Oxford :
Archaeopress Archaeology,
2021.
الموضوعات:
الوصول للمادة أونلاين: Login to view Source
الوسوم: إضافة وسم
رقم الطلب: DJK64.5
| LEADER | 02169nam a2200409 i 4500 | ||
|---|---|---|---|
| 001 | EDZ0002547170 | ||
| 003 | StDuBDS | ||
| 005 | 20230412183022.0 | ||
| 006 | m|||||o||d|||||||| | ||
| 007 | cr ||||||||||| | ||
| 008 | 210525s2021 enka fob 100|0|eng|d | ||
| 020 | |a 9781789698688 (PDF ebook) : |c No price | ||
| 040 | |a StDuBDS |b eng |c StDuBDS |e rda |e pn | ||
| 050 | 4 | |a DJK64.5 | |
| 082 | 0 | 4 | |a 939.5 |2 23 |
| 111 | 2 | |a International Workshop on the Black Sea in Antiquity |n (3rd : |d 2018 : |c Thessalonikē, Greece), |j creator. | |
| 245 | 1 | 0 | |a Peoples in the Black Sea Region from the archaic to the Roman period : |b proceedings of the 3rd International Workshop on the Black Sea in Antiquity held in Thessaloniki, 21-23 September 2018 / |c edited by Manolis Manoledakis. |
| 264 | 1 | |a Oxford : |b Archaeopress Archaeology, |c 2021. | |
| 300 | |a 1 online resource (200 pages) : |b illustrations (black and white, and colour) | ||
| 336 | |a text |2 rdacontent | ||
| 336 | |a still image |2 rdacontent | ||
| 337 | |a computer |2 rdamedia | ||
| 338 | |a online resource |2 rdacarrier | ||
| 500 | |a Also issued in print: 2021. | ||
| 504 | |a Includes bibliographical references. | ||
| 520 | 8 | |a Contributions to this volume, covering all shores of the Black Sea, draw on a mix of archaeological evidence, epigraphy and written sources to explore the activities and characteristics of those that inhabited or colonised the Black Sea area, as well as those that visited, acted in, or influenced the region, from the archaic to Roman periods. | |
| 521 | |a Specialized. | ||
| 588 | |a Description based on online resource; title from PDF title page (viewed on July 16, 2021). | ||
| 650 | 0 | |a Human geography |z Black Sea Coast |v Congresses. | |
| 651 | 0 | |a Black Sea Coast |x Civilization |v Congresses. | |
| 651 | 0 | |a Black Sea Coast |x Antiquities |v Congresses. | |
| 700 | 1 | |a Manōledakēs, Manolēs, |e editor. | |
| 776 | 0 | 8 | |i Print version : |z 9781789698671 |
| 856 | 4 | 0 | |3 Archaeopress |u http://library.arce.org:8087/Archaeopress/Products/9781789698671 |
| 942 | |2 lcc |c EBOOK | ||
| 952 | |0 0 |1 0 |4 0 |6 DJK00645 |7 1 |9 46801 |a ARCH |b ARCH |d 2023-04-12 |l 0 |o DJK64.5 |r 2023-04-12 00:00:00 |w 2023-04-12 |y EBOOK | ||
| 999 | |c 52459 |d 52459 | ||
